03999nam a2200421 u 450000100070000000500170000700800410002403500110006504000130007604100080008908000080009708200080010510000590011324501690017226000430034130000150038452021900039965000270258965000290261665000370264565000390268265000290272165000320275065000410278265000300282365000390285365000360289265000430292865000190297165000260299065000440301665100280306070000490308878701490313799900190328695201370330595201350344236249620260506082806.0990406s1998 ||||||m| spa  a362496 ccomduadb aspa aAV/ 4a30910aCorrea Avendaño, Eugenia del Pilar4auteaut951112010aFontidueño... una barrera viva: estudio monográfico descriptivo del barrio Fontidueño apoyado en el mapa mental como fuente de diagnóstico para la identidad aMedellín :b[sin publicador],c1998. a271 hojas.3 aCONTENIDO : Presentación. -- 1: Generalidades. -- 1.1: Presentación de barrio. -- 1.2: Población. -- 1.3: Económica. -- 1.4: División político–administrativa. -- 1.5: Organizaciones sociales. -- 2: Paisaje y medio ambiente. -- 2.1: Medio ambiente y territorio del municipio de Bello. -- 2.2: Subdivisión del municipio en zonas. -- 2.3: Problemática ambiental de Fontidueño. -- 2.4: Manifestaciones de los pobladores frente al paisaje y medio ambiente. -- 3: Formación histórica. – 4: Territorio. -- 4.1: Descripción del barrio. -- 4.2: Vías de comunicación. -- 4.3: Espacios significativos del barrio. -- 4.4: Servicio de transporte. -- 4.5: Sugerencias para el mejoramiento de transporte. -- 4.6: Las viviendas. -- 4.7: Proyecto de mejoramiento de vivienda y espacio público, Fontidueño sector la mina. -- 7.2: Plan educativo municipal de Bello 1993-1998. -- 7.3: Proyectos educativos institucionales de las comunidades educativas del barrio Fontidueño. -- 8: Organizaciones sociales. -- 8.1: La acción comunal. -- 8.2: Comité de participación comunitaria (COPACO). -- 8.3: Cooperativa de transportes cootrametro. -- 8.4: Organizaciones juveniles. -- 8.5: grupo recreacionista “los dueños del Fonti”. -- 8.6: Veeduría ciudadana relleno sanitario curvas de rodas. -- 8.7: Asociaciones de padres de familia. -- 9: Cultura y medios de comunicación. -- 9.1: Música. -- 9.2: Del pasado al presente. -- 9.3: Tradiciones y recuerdos. -- 9.4: Fiestas de integración barrial. -- 9.5. -- Propuestas para una dinámica cultural en Fontidueño. -- 9.6: Medios de comunicación. -- 10: Vida cotidiana barrial. -- 10.1: Las plantas medicinales una tradición. -- 10.2: Servicio de salud. -- 10.3: recreación y deportes del ayer. -- 10.4: Actividades recreativas y deportivas hoy. -- 10.5: Vida familiar. -- 10.6: Historias familiares. -- 10.7: Mujeres sexualidad y familia. -- 10.8: Juventud y sexualidad. -- 11: Religiosidad y cultos. -- 11.1: Reseña histórica iglesia San Eduardo rey. -- 11.2: Movimientos apostólicos. -- 11.3: Comunidad cristiana el buen pastor. -- 12: Identidad. -- Bibliografía. -- Anexos acompañante. 7aIdentidad2lemb932648 aBarrios populares932962 7aReligiosidad popular2lemb93043 7aAntropología urbana2lemb932778 aBello (Antioquia)921126 aAntioquia (Colombia)977506 aCondiciones socioeconómicas921361 7aVida cotidiana2lemb9138 7aInvestigación social2lemb92355 aOrganizaciones sociales9167733 aOrganización de la comunidad9174508 aPaisaje923797 0aMedio ambiente942848 7aParticipación política2lemb943472 7aColombia2embne987054710aCorrea Avendaño, Francis4auteaut928767808iTítulo del grado otorgadotTesis (Especialista en Teoría, Métodos y Técnicas de Investigación Social) Universidad de Antioquiaw324432 c110478d110478 001040708ANTIOQUIAaBCbBCd1999-04-06iC436700l0o309.1861264 C824fp61000001971619r2023-04-22 00:00:00t1w2023-04-22yTESISI 001040708GENERALaINERbINERd2007-02-20iC940103l1oAv/T/3305p0638020r2023-10-02 00:00:00s2023-09-11t2w2023-04-22yTESIS